000 00350 a2200157 4500
001 68056
020 _a9783126765336
040 _cAnchieta - Pituba
100 _aMotta, Giorgio
240 1 0 _aDeutsch echt einfach B1
_ldeu / ger
245 1 0 _aDeutsch echt einfach B1
300 _a104
362 0 _a2017
650 4 _aLíngua alemã
942 _cBK
999 _c68056
_d68056